Geometry dash A-Z - Statistics

General Stats
  • This quiz has been taken 529 times
  • The average score is 16 of 26
Answer Stats
Letter Hint Answer % Correct
B Famous extreme demon created by Riot. Bloodbath
98%
A Easiest difficulty of Geometry Dash. Auto
96%
D Hardest difficulty of Geometry Dash. Demon
96%
J Seventh official level. Jumper
83%
F Last 2.1 official level. Fingerdash
82%
C First official demon. Clubstep
81%
P Third official level. Polargeist
81%
R Creator of Geometry Dash. Robtop
81%
H First official dual level. Hexagon Force
79%
X Tenth official level. Xstep
79%
N Most popular (hard) demon. Nine Circles
77%
W New transformation used in "Blast Processing". Wave
76%
T Two theory. Theory of everything
73%
U Flappy Bird style. UFO
72%
V Number one creator. Viprin
66%
E 2nd hardest extreme demon. Erebus
54%
O How you call the mode to play other players levels? Online
53%
I _ _ _ _ _ _ _ _ Abyss (extreme demon) Infernal Abyss
49%
Q Another extreme demon by Riot. Quantum Processing
48%
S Hardest actual level. Sonic Wave
45%
L Music of Duelo Maestro. Lunar Abyss
43%
Y A extreme demon or a boss battle. Yatagarasu
43%
G Upcoming extreme demon by Knobbelboy. God Eater
30%
K The guardian of the treasure room. (The) Keymaster
28%
Z 2nd best cretor. ZenticAlpha
9%
M Famous Canadian player who did the colossus. Manix648
8%
No matching quizzes found
Score Distribution
Percent of People with Each Score
Percentile by Number Answered
Your Score History
You have not taken this quiz